|
|
|
|
| LEADER |
00000naa2a2200000 4500 |
| 001 |
207032 |
| 005 |
20260203162058.0 |
| 035 |
|
|
|a (RuTPU)RU\TPU\book\225782
|
| 035 |
|
|
|a RU\TPU\book\225776
|
| 090 |
|
|
|a 207032
|
| 100 |
|
|
|a 20120119d2011 k y0rusy50 ca
|
| 101 |
0 |
|
|a rus
|
| 102 |
|
|
|a RU
|
| 135 |
|
|
|a drnn ---uucaa
|
| 181 |
|
0 |
|a i
|
| 182 |
|
0 |
|a b
|
| 200 |
1 |
|
|a Источник питания светодиодного светильника
|f А. В. Королёв, Д. Н. Огородников
|g науч. рук. Д. Н. Огородников
|
| 203 |
|
|
|a Текст
|c электронный
|
| 215 |
|
|
|a 1 файл (331 Кб)
|
| 225 |
1 |
|
|a Секция B: Силовая электроника и преобразовательная техника
|
| 300 |
|
|
|a Заглавие с титульного листа
|
| 300 |
|
|
|a Электронная версия печатной публикации
|
| 320 |
|
|
|a Библиогр.: с. 69 (3 назв.)
|
| 337 |
|
|
|a Adobe Reader
|
| 463 |
|
1 |
|0 (RuTPU)RU\TPU\book\222584
|t Электронные приборы, системы и технологии
|o сборник научных трудов I Всероссийской научно-практической конференции студентов, аспирантов и молодых ученых, Томск, 14-18 ноября 2011 г.
|f Национальный исследовательский Томский политехнический университет (ТПУ); под ред. О. А. Кожемяк; Е. Ю. Киселевой
|v [С. 66-69]
|d 2011
|
| 610 |
1 |
|
|a силовая электроника
|
| 610 |
1 |
|
|a светодиодные светильники
|
| 610 |
1 |
|
|a светодиоды
|
| 610 |
1 |
|
|a питание
|
| 610 |
1 |
|
|a корректоры
|
| 610 |
1 |
|
|a труды учёных ТПУ
|
| 610 |
1 |
|
|a электронный ресурс
|
| 610 |
1 |
|
|a источники
|
| 700 |
|
1 |
|a Королёв
|b А. В.
|
| 701 |
|
1 |
|a Огородников
|b Д. Н.
|c специалист в области электроники
|c доцент Томского политехнического университета, кандидат технических наук
|f 1974-
|g Дмитрий Николаевич
|3 (RuTPU)RU\TPU\pers\25904
|9 11755
|
| 702 |
|
1 |
|a Огородников
|b Д. Н.
|c российский ученый, специалист в области промышленной и медицинской электроники
|c доцент Томского политехнического университета, кандидат технических наук
|f 1974-
|g Дмитрий Николаевич
|4 727
|
| 801 |
|
1 |
|a RU
|b 63413507
|c 20120118
|
| 801 |
|
2 |
|a RU
|b 63413507
|c 20160910
|g RCR
|
| 856 |
4 |
|
|u http://www.lib.tpu.ru/fulltext/v/Conferences/2011/C4/C4a20.pdf
|
| 942 |
|
|
|c CF
|